Quentin Tarantino Movies by Picture - Statistics

General Stats
  • This quiz has been taken 165 times
  • The average score is 6 of 8
Answer Stats
Picture Answer % Correct
Kill Bill
99%
Pulp Fiction
99%
Once Upon a Time… in Hollywood
92%
Django Unchained
90%
Reservoir Dogs
72%
The Hateful Eight
68%
Inglourious Basterds
44%
Death Proof
40%
No matching quizzes found
Score Distribution
Percent of People with Each Score
Percentile by Number Answered
Your Score History
You have not taken this quiz